00453nam a2200121Ia 4500008004100000245016400041260002600205260000900231300000800240650002600248650001200274856004500286170516s9999 xx 000 0 und d aCan use of adaptive statistical iterative reconstruction reduce radiation dose in unenhanced head CT? An analysis of qualitative and quantitative image quality bActa Radiologica Open c2016 a5:8 xRadiologic Technology xRadtech uhttp://journals.sagepub.com/toc/arrb/5/8